Zedelessen uyt het Oud en Nieuw Testament, voor de jeugd. Geschreven volgens de Vlaemsche spelling

Gespeichert in:
Bibliographische Detailangaben
1. Verfasser: VERDICKT, J. H. Onderwyzer
Format: keine Angabe
Sprache:Niederländisch
Erschienen: Brussel Uyt de drukkery van de weduwe Van Campenhout s.d. [1834] (H)
Katalog:MANES:  Suchergebnis im Bibliothekskatalog
Schulbuchspezifische Eigenschaften:
Schlagworte:
Tags: Tag hinzufügen
Keine Tags, Fügen Sie den ersten Tag hinzu!
Hinzugefügt zu:26.04.2016

MARC

LEADER 000000000a22000000004500
001 22472
008 160427s be ||||| |||| 00| 0 dut d
040 |a manes  |c manes 
041 |a Neerlandés 
100 1 |a VERDICKT, J. H.  |b Onderwyzer 
245 0 0 |a Zedelessen uyt het Oud en Nieuw Testament, voor de jeugd. Geschreven volgens de Vlaemsche spelling 
260 3 |a Brussel  |b Uyt de drukkery van de weduwe Van Campenhout  |c s.d. [1834] (H) 
300 |a 104 p. 
546 |a Bélgica 
650 7 |a Religión y Moral 
655 7 |a Primaria 
942 |2 ddc  |c BK 
999 |c 44800  |d 44800 
999 |c manes:44800  |d 44800